Flagi europy - nagła śmierć - Statystyki

Ogólne statystyki
  • Ten quiz został rozwiązany 25 razy
  • Średni wynik to 13 z 16
Answers on the Grid
Answers color-coded by a green-red scale on the quiz's grid according to % correct below.
Cypr
Polska
Kazachstan
Gruzja
Andora
Grecja
Norwegia
Tunezja
Wyspy owcze
Mongolia
Kuba
Mołdawia
Szwecja
Izrael
Bułgaria
tadżykistan
Ukraina
Finlandia
Dominikana
Wielka brytania
Dominika
Litwa
Francja
Uzbekistan
Łotwa
Mongolia
Kirgistan
Malawi
Estonia
Kanada
Malta
Mozambik
 
Statystyki odpowiedzi
Odpowiedź % Poprawnych
Grecja
95%
Andora
90%
Norwegia
90%
Polska
90%
Malta
86%
Szwecja
86%
Bułgaria
81%
Estonia
81%
Finlandia
81%
Francja
81%
Litwa
81%
Łotwa
81%
Mołdawia
81%
Ukraina
81%
Wielka brytania
81%
Wyspy owcze
57%
Nie znaleziono quizów pasujących do podanych kryteriów
Rozkład punktacji
Procent ludzi z każdym wynikiem
Percentyl według liczby udzielonych odpowiedzi
Twoja historia wyników
Nie rozwiązałeś tego quizu